00533nam a2200193 a 4500001001300000003000900013005001700022008004100039020002300080082001600103100001900119245005600138260004400194300000900238500003500247505002600282650001200308700001900320nice12345678IN_TiNIC20260116014803.0100329s2008 mica grp 000 0 eng  a9780802827050c85000a222.11bMCK aMckeown, James aGenesisb The Two Horizons Old Testament Commentary aMichiganbWilliam B.Eerdmans Pub c2008 a398p aincludes index and biblioraphy2 aBibliography, Indices aGenesis1 aMckeown, James